1219 1098 1585 1675 1333 1841 1366 1563 1865 1221 1468 1107 1913 1909 1253 1882 1868 1536 1893 1911 1922 1000 1444 1137 1286 1695 1280 1801 1631 1606 1533 1357 1467 1853 1102 1585 1514 1312 1149 1266 1809 1189 1765 1281 1699 1280 1375 1632 1530 1202 1248 1656 1373 1721 1418 1958 1949 1316 1135 1109 1486 1066 1026 1705 1183 1188 1695 1193 1813 1590 1901 1458 1695 1563 1372 1665 1060 1720 1429 1644 1331 1043 1676 1093 1151 1719 1231 1902 1952 1756 1136 1182 1150 1284 1326 1191 1760 1683 1473 BCNSPRNW ULIB Ver.6.0+V

เปลี่ยนเป็นภาษาไทย

Change to English
 แสดงรายละเอียดบรรณานุกรม
  กลับหน้าหลัก

Brief Record : Get Marc (ISO 2709) : E-mail record : QR code < ปิดหน้าต่าง
LEADER : 00000nam 2200000uu 4500
001    13399124318
003     ULIB
008    020711s2549 th a 000 0 tha d
060  4 WY105^bน287อ
100 0  นลินี เกิดประสงค์
245    เอกสารประกอบการสอนวิชาการบริหารการพยาบาล 1/^cนลินี เกิดประสงค์
260    นครสวรรค์ ^bวิทยาลัยพยาบาลบรมราชชนนี สวรรค์ประชารักษ์ นครสวรรค์.,^c2549
300    93 หน้า
650  0 การบริหารการพยาบาล
710 1  วิทยาลัยพยาบาลบรมราชชนนี สวรรค์ประชารักษ์ นครสวรรค์.
945    ^p0^l0^i039310
999    ^aทศพร
รายการนี้ยังไม่มีแท็ก
คุณยังไม่ได้ล็อกอิน คุณสามารถมีกิจกรรมร่วมกับเว็บไซต์ได้ แต่ต้องล็อกอินก่อน ::
  ล็อกอิน

รายการสื่อสารสนเทศ

ลำดับที่ ประเภท เลขเรียก/บาร์โค้ด สถานที่ สถานะ
1. Book การพยาบาล
Book การพยาบาล
WY105 น287อ ฉ.1 
  Barcode: 039310
ห้องสมุดวิทยาเขตสวรรค์ประชารักษ์
►หนังสือทั่วไป
บนชั้น

รายการใกล้เคียง
    ผู้แต่ง [นลินี เกิดประสงค์]

    หัวเรื่อง [การบริหารการพยาบาล]

BibComment


ยังไม่เคยถูกคอมเมนท์

คอมเมนท์ทรัพยากรรายการนี้
  คอมเมนท์: เอกสารประกอบการสอ..


 Copyright 2026. Bcnsprnw @Library